A wild sheep chase
Αποθηκεύτηκε σε:
| Κύριος συγγραφέας: | |
|---|---|
| Μορφή: | Βιβλίο |
| Γλώσσα: | English Japanese |
| Δημοσίευση: |
London :
Vintage,
2003.
|
| Θέματα: | |
| Ετικέτες: |
Προσθήκη ετικέτας
Δεν υπάρχουν, Καταχωρήστε ετικέτα πρώτοι!
|
MARC
| LEADER | 00000cam a2200000 i 4500 | ||
|---|---|---|---|
| 001 | 1/6877 | ||
| 008 | 100426s2003 enk| ||| |||| ||eng|| | ||
| 020 | |a 0099448777 | ||
| 035 | |l 10107666 | ||
| 040 | |a GR-MyUa |b gre |e AACR2 | ||
| 041 | 1 | |a eng |h jpn | |
| 082 | 7 | |a 895.63 |2 (22) | |
| 100 | 1 | |a Murakami, Haruki, |d 1949- | |
| 245 | 1 | 2 | |a A wild sheep chase / |c Haruki Murakami ; translated from the japanese by Alfred Birnbaum. |
| 260 | |a London : |b Vintage, |c 2003. | ||
| 300 | |a 299 σ. ; |c 20 εκ. | ||
| 500 | |a Τίτλος πρωτοτύπου: Hitsuji o meguru boken. | ||
| 500 | |a Πρωτοεκδόθηκε το 1982 από την Kodansha Ltd. | ||
| 650 | 0 | |a Japanese fiction. | |
| 852 | |a INST |b SYROS |e 20100426 |h 895.63 MUR |p 005500007685 |q 005500007685 |t BK |y 0 | ||
| 901 | |a BIBL5-2010-1 | ||
| 970 | |a Κοντού |b Παρασκευή |z 26/04/2010 | ||